header

Pay me in stock options (Record no. 23544)

MARC details
000 -LEADER
fixed length control field 01225nam a2200301 a 4500
082 04 - DEWEY DECIMAL CLASSIFICATION NUMBER
Classification number 331.2/164
100 1# - MAIN ENTRY--AUTHOR NAME
Personal name Curtis, Carol.
245 10 - TITLE STATEMENT
Title Pay me in stock options
260 ## - PUBLICATION, DISTRIBUTION, ETC. (IMPRINT)
Place of publication New York :
Name of publisher John Wiley,
Year of publication 2001.
300 ## - PHYSICAL DESCRIPTION
Number of Pages xvi, 256 p. :
Other physical details ill., charts.
500 ## - GENERAL NOTE
General note Includes index.
650 #0 - SUBJECT ADDED ENTRY--TOPICAL TERM
Topical Term Employee stock options
Topical Term Incentives in industry
Topical Term Compensation management
856 40 - ELECTRONIC LOCATION AND ACCESS
Uniform Resource Identifier http://site.ebrary.com/lib/rucke/Doc?id=10026392

No items available.

© 2026 Rongo University
Contact us: librarian | system librarian | Rongo university